000 00497 a2200157 4500
020 _a0801680557
050 _aRL125
_b.H55 1994
100 _aHill, Marcia J.
_qMarcia J. Hill .
_95080
245 _aSkin disorders /
_cMarcia J. Hill .
300 _axii, 226 p . 12 unnumbered pages of plates :
_bcol ill ;
_c27 cm .
504 _ainclude index
650 _aDermatologic nursing.
_95081
650 _aSkin Diseases
_xnursing
_95082
650 _aSkin Diseases
_xpathology
_95083
942 _2lcc
_cBK
_n0
_01
999 _c2542
_d2542